suffering under god,s environment:a vertical study of the preicament of peasants in north central ethiopia (Record no. 12937)

MARC details
000 -LEADER
fixed length control field 00414nam a22001457a 4500
003 - CONTROL NUMBER IDENTIFIER
control field OSt
005 - DATE AND TIME OF LATEST TRANSACTION
control field 20211015101539.0
008 - FIXED-LENGTH DATA ELEMENTS--GENERAL INFORMATION
fixed length control field 211015b |||||||| |||| 00| 0 eng d
020 ## - INTERNATIONAL STANDARD BOOK NUMBER
International Standard Book Number 3906290654
040 ## - CATALOGING SOURCE
Transcribing agency hu
100 ## - MAIN ENTRY--PERSONAL NAME
Personal name mesfin wolde maris
9 (RLIN) 13862
245 ## - TITLE STATEMENT
Title suffering under god,s environment:a vertical study of the preicament of peasants in north central ethiopia
300 ## - PHYSICAL DESCRIPTION
Extent 220
942 ## - ADDED ENTRY ELEMENTS (KOHA)
Source of classification or shelving scheme Dewey Decimal Classification
Koha item type Books like text book referance book
Suppress in OPAC No
Holdings
Withdrawn status Lost status Source of classification or shelving scheme Damaged status Not for loan Home library Current library Shelving location Date acquired Total Checkouts Full call number Barcode Date last seen Copy number Price effective from Koha item type
    Dewey Decimal Classification     Social Library Social Library General Stacks 10/15/2021   304.2063/mes SHLIB 00002063 10/15/2021 1 10/15/2021 Books like text book referance book